| 000 | 01429cam a2200373 a 4500 | ||
|---|---|---|---|
| 001 | 15710117 | ||
| 003 | EG-ScBUE | ||
| 005 | 20220208143101.0 | ||
| 008 | 090423s2009 nyu f 000 1 eng d | ||
| 020 | _a0307272095 | ||
| 020 | _a9780307272096 | ||
| 040 |
_aDLC _beng _erda _cDLC _dDLC _dEG-ScBUE |
||
| 043 | _ae-uk-en | ||
| 082 | 0 | 4 |
_a823.914 _222 _bBYA |
| 100 | 1 |
_aByatt, A. S. _q(Antonia Susan), _d1936- _eauthor. _925550 |
|
| 245 | 1 | 4 |
_aThe children's book : _ba novel / _cA. S. Byatt. |
| 264 | 1 |
_aNew York : _bAlfred A. Knopf, _c2009. |
|
| 300 |
_a675 pages ; _c25 cm |
||
| 336 |
_2rdacontent _atext _btxt |
||
| 337 |
_2rdamedia _aunmediated _bn |
||
| 338 |
_2rdacarrier _avolume _bnc |
||
| 586 | _aShortlisted for the Man Booker Prize | ||
| 650 | 7 |
_aWomen authors _vFiction. _925551 _2BUEsh |
|
| 650 | 7 |
_aChildren and adults _vFiction. _925552 _2BUEsh |
|
| 650 | 7 |
_aRunaway children _vFiction. _925553 _2BUEsh |
|
| 650 | 7 |
_aCountry homes _zEngland _vFiction. _925554 _2BUEsh |
|
| 650 | 7 |
_aFamily secrets _vFiction. _925555 _2BUEsh |
|
| 650 | 7 |
_aWorld War, 1914-1918 _zEngland _vFiction. _925556 _2BUEsh |
|
| 651 | _2BUEsh | ||
| 653 |
_cJune2011 _bHHUUEENN |
||
| 655 |
_vReading book _934232 |
||
| 942 |
_2ddc _cBB |
||
| 999 |
_c15638 _d15638 |
||